Statistics for All Mario Kart Tracks (Including Retros)

Click here to take the quiz!

General Stats

  • This quiz has been taken 27 times
  • The average score is 147 of 216

Answer Stats

Original GameCupTrackRetro Track/DLC Track?% Correct
Mario Kart Wii (Wii)Flower CupMario CircuitOriginal
95%
Mario Kart 8 Deluxe (Switch)Flower CupMario CircuitOriginal
95%
Mario Kart: Double Dash!! (GCN)Flower CupMario CircuitOriginal
95%
Mario Kart DS (DS)Star CupMario CircuitOriginal
95%
Mario Kart Wii (Wii)Leaf CupMario CircuitOriginated from GCN
95%
Mario Kart 7 (3DS)Flower CupMario CircuitOriginal
95%
Mario Kart: Super Circuit (GBA)Flower CupMario CircuitOriginal
95%
Mario Kart 8 Deluxe (Switch)Shell CupMario CircuitOriginated from GBA
95%
Mario Kart DS (DS)Leaf CupLuigi CircuitOriginated from GBA
86%
Mario Kart DS (DS)Shell CupLuigi CircuitOriginated from GCN
86%
Mario Kart Wii (Wii)Mushroom CupLuigi CircuitOriginal
86%
Mario Kart: Double Dash!! (GCN)Mushroom CupLuigi CircuitOriginal
86%
Mario Kart: Super Circuit (GBA)Lightning CupLuigi CircuitOriginal
86%
Mario Kart 8 Deluxe (Switch)Special CupRainbow RoadOriginal
86%
Mario Kart: Super Circuit (GBA)Special CupRainbow RoadOriginal
86%
Mario Kart Wii (Wii)Special CupRainbow RoadOriginal
86%
Mario Kart: Double Dash!! (GCN)Special CupRainbow RoadOriginal
86%
Mario Kart 64 (N64)Special CupRainbow RoadOriginal
86%
Mario Kart 7 (3DS)Special CupRainbow RoadOriginal
86%
Super Mario Kart (SNES)Special CupRainbow RoadOriginal
86%
Mario Kart 7 (3DS)Lightning CupRainbow RoadOriginated from SNES
86%
Mario Kart 8 Deluxe (Switch)Triforce CupRainbow RoadOriginated from SNES
86%
Mario Kart DS (DS)Special CupRainbow RoadOriginal
86%
Mario Kart 8 Deluxe (Switch)Lightning CupRainbow RoadOriginated from N64
86%
Mario Kart DS (DS)Special CupBowser CastleOriginal
76%
Mario Kart 64 (N64)Star CupBowser's CastleOriginal
76%
Mario Kart 8 Deluxe (Switch)Special CupBowser's CastleOriginal
76%
Mario Kart: Double Dash!! (GCN)Special CupBowser's CastleOriginal
76%
Mario Kart Wii (Wii)Special CupBowser's CastleOriginal
76%
Mario Kart Wii (Wii)Lightning CupBowser's CastleOriginated from N64
76%
Mario Kart 7 (3DS)Special CupBowser's CastleOriginal
76%
Mario Kart 7 (3DS)Banana CupCoconut MallOriginated from Wii
76%
Mario Kart Wii (Wii)Flower CupCoconut MallOriginal
76%
Mario Kart DS (DS)Shell CupMario Circuit 1Originated from SNES
76%
Super Mario Kart (SNES)Mushroom CupMario Circuit 1Original
76%
Mario Kart: Super Circuit (GBA)Mushroom CupPeach CircuitOriginal
76%
Mario Kart DS (DS)Shell CupPeach CircuitOriginated from GBA
76%
Mario Kart DS (DS)Lightning CupSky GardenOriginated from GBA
76%
Mario Kart: Super Circuit (GBA)Lightning CupSky GardenOriginal
76%
Mario Kart DS (DS)Special CupWario StadiumOriginal
76%
Mario Kart 8 Deluxe (Switch)Leaf CupWario StadiumOriginated from DS
76%
Mario Kart 64 (N64)Star CupWario StadiumOriginal
76%
Mario Kart: Double Dash!! (GCN)Star CupYoshi CircuitOriginal
76%
Mario Kart 8 Deluxe (Switch)Egg CupYoshi CircuitOriginated from GCN
76%
Mario Kart DS (DS)Lightning CupYoshi CircuitOriginated from GCN
76%
Mario Kart DS (DS)Lightning CupBanshee BoardwalkOriginated from N64
71%
Mario Kart 64 (N64)Special CupBanshee BoardwalkOriginal
71%
Mario Kart DS (DS)Banana CupBowser Castle 2Originated from GBA
71%
Super Mario Kart (SNES)Flower CupBowser Castle 2Original
71%
Mario Kart: Super Circuit (GBA)Flower CupBowser Castle 2Original
71%
Mario Kart: Super Circuit (GBA)Star CupBowser Castle 3Original
71%
Super Mario Kart (SNES)Star CupBowser Castle 3Original
71%
Mario Kart Wii (Wii)Leaf CupBowser Castle 3Originated from GBA
71%
Mario Kart: Super Circuit (GBA)Special CupBowser Castle 4Original
71%
Mario Kart DS (DS)Mushroom CupCheep Cheep BeachOriginal
71%
Mario Kart 8 Deluxe (Switch)Shell CupCheep Cheep BeachOriginated from DS
71%
Mario Kart: Double Dash!! (GCN)Star CupDK MountainOriginal
71%
Mario Kart Wii (Wii)Lightning CupDK MountainOriginated from GCN
71%
Mario Kart DS (DS)Banana CupDonut Plains 1Originated from SNES
71%
Super Mario Kart (SNES)Mushroom CupDonut Plains 1Original
71%
Super Mario Kart (SNES)Flower CupDonut Plains 2Original
71%
Super Mario Kart (SNES)Special CupDonut Plains 3Original
71%
Mario Kart 8 Deluxe (Switch)Banana CupDonut Plains 3Originated from SNES
71%
Super Mario Kart (SNES)Mushroom CupGhost Valley 1Original
71%
Mario Kart 64 (N64)Mushroom CupKoopa Troopa BeachOriginal
71%
Mario Kart 7 (3DS)Banana CupKoopa Troopa BeachOriginated from N64
71%
Mario Kart 64 (N64)Mushroom CupLuigi RacewayOriginal
71%
Mario Kart 7 (3DS)Shell CupLuigi RacewayOriginated from N64
71%
Mario Kart 7 (3DS)Banana CupMario Circuit 2Originated from SNES
71%
Super Mario Kart (SNES)Mushroom CupMario Circuit 2Original
71%
Super Mario Kart (SNES)Flower CupMario Circuit 3Original
71%
Mario Kart Wii (Wii)Lightning CupMario Circuit 3Originated from SNES
71%
Super Mario Kart (SNES)Star CupMario Circuit 4Original
71%
Mario Kart 64 (N64)Flower CupMario RacewayOriginal
71%
Mario Kart Wii (Wii)Shell CupMario RacewayOriginated from N64
71%
Mario Kart Wii (Wii)Mushroom CupMushroom GorgeOriginal
71%
Mario Kart 7 (3DS)Shell CupMushroom GorgeOriginated from Wii
71%
Mario Kart: Double Dash!! (GCN)Mushroom CupPeach BeachOriginal
71%
Mario Kart Wii (Wii)Shell CupPeach BeachOriginated from GCN
71%
Mario Kart 64 (N64)Star CupRoyal RacewayOriginal
71%
Mario Kart 8 Deluxe (Switch)Banana CupRoyal RacewayOriginated from N64
71%
Mario Kart 64 (N64)Star CupSherbet LandOriginal
71%
Mario Kart 8 Deluxe (Switch)Leaf CupSherbet LandOriginated from GCN
71%
Mario Kart: Double Dash!! (GCN)Star CupSherbet LandOriginal
71%
Mario Kart Wii (Wii)Banana CupSherbet LandOriginated from N64
71%
Super Mario Kart (SNES)Star CupVanilla Lake 1Original
71%
Super Mario Kart (SNES)Special CupVanilla Lake 2Original
71%
Mario Kart 7 (3DS)Banana CupWaluigi PinballOriginated from DS
71%
Mario Kart DS (DS)Flower CupWaluigi PinballOriginal
71%
Mario Kart Wii (Wii)Banana CupWaluigi StadiumOriginated from GCN
71%
Mario Kart: Double Dash!! (GCN)Flower CupWaluigi StadiumOriginal
71%
Mario Kart 8 Deluxe (Switch)Leaf CupYoshi ValleyOriginated from N64
71%
Mario Kart 64 (N64)Special CupYoshi ValleyOriginal
71%
Mario Kart: Double Dash!! (GCN)Mushroom CupBaby ParkOriginal
67%
Mario Kart DS (DS)Banana CupBaby ParkOriginated from GCN
67%
Mario Kart 8 Deluxe (Switch)Crossing CupBaby ParkOriginated from GCN
67%
Mario Kart: Super Circuit (GBA)Mushroom CupBowser Castle 1Original
67%
Mario Kart 7 (3DS)Shell CupBowser Castle 1Originated from GBA
67%
Super Mario Kart (SNES)Mushroom CupBowser Castle 1Original
67%
Mario Kart: Super Circuit (GBA)Flower CupCheese LandOriginal
67%
Mario Kart 8 Deluxe (Switch)Crossing CupCheese LandOriginated from GBA
67%
Mario Kart 64 (N64)Flower CupChoco MountainOriginal
67%
Mario Kart DS (DS)Leaf CupChoco MountainOriginated from N64
67%
Mario Kart DS (DS)Flower CupDelfino SquareOriginal
67%
Mario Kart Wii (Wii)Banana CupDelfino SquareOriginated from DS
67%
Mario Kart Wii (Wii)Leaf CupDesert HillsOriginated from DS
67%
Mario Kart DS (DS)Flower CupDesert HillsOriginal
67%
Mario Kart 7 (3DS)Leaf CupDK PassOriginated from DS
67%
Mario Kart DS (DS)Star CupDK PassOriginal
67%
Mario Kart 64 (N64)Special CupDK's Jungle ParkwayOriginal
67%
Mario Kart Wii (Wii)Leaf CupDK's Jungle ParkwayOriginated from N64
67%
Mario Kart 8 Deluxe (Switch)Banana CupDry Dry DesertOriginated from GCN
67%
Mario Kart: Double Dash!! (GCN)Mushroom CupDry Dry DesertOriginal
67%
Mario Kart DS (DS)Mushroom CupFigure-8 CircuitOriginal
67%
Mario Kart Wii (Wii)Shell CupGhost Valley 2Originated from SNES
67%
Super Mario Kart (SNES)Flower CupGhost Valley 2Original
67%
Super Mario Kart (SNES)Special CupGhost Valley 3Original
67%
Mario Kart 64 (N64)Mushroom CupKalimari DesertOriginal
67%
Mario Kart 7 (3DS)Leaf CupKalimari DesertOriginated from N64
67%
Super Mario Kart (SNES)Star CupKoopa Beach 1Original
67%
Super Mario Kart (SNES)Special CupKoopa Beach 2Original
67%
Mario Kart DS (DS)Leaf CupKoopa Beach 2Originated from SNES
67%
Mario Kart 7 (3DS)Lightning CupKoopa CapeOriginated from Wii
67%
Mario Kart Wii (Wii)Star CupKoopa CapeOriginal
67%
Mario Kart DS (DS)Mushroom CupLuigi's MansionOriginal
67%
Mario Kart 7 (3DS)Shell CupLuigi's MansionOriginated from DS
67%
Mario Kart 7 (3DS)Leaf CupMaple TreewayOriginated from Wii
67%
Mario Kart Wii (Wii)Star CupMaple TreewayOriginal
67%
Mario Kart 64 (N64)Mushroom CupMoo Moo FarmOriginal
67%
Mario Kart DS (DS)Shell CupMoo Moo FarmOriginated from N64
67%
Mario Kart Wii (Wii)Mushroom CupMoo Moo MeadowsOriginal
67%
Mario Kart 8 Deluxe (Switch)Shell CupMoo Moo MeadowsOriginated from Wii
67%
Mario Kart Wii (Wii)Lightning CupPeach GardensOriginated from DS
67%
Mario Kart DS (DS)Special CupPeach GardensOriginal
67%
Mario Kart 8 Deluxe (Switch)Bell CupRibbon RoadOriginated from GBA
67%
Mario Kart: Super Circuit (GBA)Star CupRibbon RoadOriginal
67%
Mario Kart 8 Deluxe (Switch)Lightning CupTick Tock ClockOriginated from DS
67%
Mario Kart DS (DS)Star CupTick Tock ClockOriginal
67%
Mario Kart 7 (3DS)Mushroom CupToad CircuitOriginal
67%
Mario Kart 8 Deluxe (Switch)Shell CupToad's TurnpikeOriginated from N64
67%
Mario Kart 64 (N64)Flower CupToad's TurnpikeOriginal
67%
Mario Kart: Double Dash!! (GCN)Special CupWario ColosseumOriginal
67%
Mario Kart DS (DS)Mushroom CupYoshi FallsOriginal
67%
Mario Kart Wii (Wii)Shell CupYoshi FallsOriginated from DS
67%
Mario Kart DS (DS)Star CupAirship FortressOriginal
62%
Mario Kart 7 (3DS)Lightning CupAirship FortressOriginated from DS
62%
Mario Kart 8 Deluxe (Switch)Crossing CupAnimal CrossingOriginal
62%
Mario Kart 8 Deluxe (Switch)Bell CupBig BlueOriginated from F-Zero
62%
Mario Kart: Super Circuit (GBA)Lightning CupCheep Cheep IslandOriginal
62%
Super Mario Kart (SNES)Flower CupChoco Island 1Original
62%
Super Mario Kart (SNES)Star CupChoco Island 2Original
62%
Mario Kart DS (DS)Lightning CupChoco Island 2Originated from SNES
62%
Mario Kart Wii (Wii)Star CupDaisy CircuitOriginal
62%
Mario Kart 7 (3DS)Leaf CupDaisy CruiserOriginated from GCN
62%
Mario Kart: Double Dash!! (GCN)Flower CupDaisy CruiserOriginal
62%
Mario Kart: Double Dash!! (GCN)Special CupDino Dino JungleOriginal
62%
Mario Kart 7 (3DS)Lightning CupDino Dino JungleOriginated from GCN
62%
Mario Kart 8 Deluxe (Switch)Banana CupDK JungleOriginated from 3DS
62%
Mario Kart 7 (3DS)Special CupDK JungleOriginal
62%
Mario Kart Wii (Wii)Flower CupDK SummitOriginal
62%
Mario Kart Wii (Wii)Special CupDry Dry RuinsOriginal
62%
Mario Kart 8 Deluxe (Switch)Egg CupExcitebike ArenaOriginated from Excitebike
62%
Mario Kart 64 (N64)Flower CupFrappe SnowlandOriginal
62%
Mario Kart DS (DS)Banana CupFrappe SnowlandOriginated from N64
62%
Mario Kart Wii (Wii)Star CupGrumble VolcanoOriginal
62%
Mario Kart 8 Deluxe (Switch)Lightning CupGrumble VolcanoOriginated from Wii
62%
Mario Kart 8 Deluxe (Switch)Triforce CupHyrule CircuitOriginal
62%
Mario Kart Wii (Wii)Special CupMoonview HighwayOriginal
62%
Mario Kart: Double Dash!! (GCN)Flower CupMushroom BridgeOriginal
62%
Mario Kart DS (DS)Leaf CupMushroom BridgeOriginated from GCN
62%
Mario Kart: Double Dash!! (GCN)Star CupMushroom CityOriginal
62%
Mario Kart 7 (3DS)Special CupRosalina's Ice WorldOriginal
62%
Mario Kart DS (DS)Flower CupShroom RidgeOriginal
62%
Mario Kart 7 (3DS)Mushroom CupShy Guy BazaarOriginal
62%
Mario Kart: Super Circuit (GBA)Mushroom CupShy Guy BeachOriginal
62%
Mario Kart Wii (Wii)Banana CupShy Guy BeachOriginated from GBA
62%
Mario Kart: Super Circuit (GBA)Star CupSnow LandOriginal
62%
Mario Kart: Super Circuit (GBA)Lightning CupSunset WildsOriginal
62%
Mario Kart Wii (Wii)Mushroom CupToad FactoryOriginal
62%
Mario Kart Wii (Wii)Flower CupWario's Gold MineOriginal
62%
Mario Kart 8 Deluxe (Switch)Triforce CupWario's Gold MineOriginated from Wii
62%
Mario Kart: Super Circuit (GBA)Flower CupBoo LakeOriginal
57%
Mario Kart: Super Circuit (GBA)Special CupBroken PierOriginal
57%
Mario Kart 7 (3DS)Mushroom CupDaisy HillsOriginal
57%
Mario Kart 8 Deluxe (Switch)Star CupElectrodromeOriginal
57%
Mario Kart: Super Circuit (GBA)Special CupLakeside ParkOriginal
57%
Mario Kart 7 (3DS)Star CupMaka WuhuOriginal
57%
Mario Kart 8 Deluxe (Switch)Star CupMount WarioOriginal
57%
Mario Kart 7 (3DS)Flower CupMusic ParkOriginal
57%
Mario Kart 8 Deluxe (Switch)Leaf CupMusic ParkOriginated from 3DS
57%
Mario Kart 8 Deluxe (Switch)Bell CupNeo Bowser CityOriginated from 3DS
57%
Mario Kart 7 (3DS)Star CupNeo Bowser CityOriginal
57%
Mario Kart: Super Circuit (GBA)Mushroom CupRiverside ParkOriginal
57%
Mario Kart 8 Deluxe (Switch)Flower CupToad HarborOriginal
57%
Mario Kart 7 (3DS)Flower CupWuhu LoopOriginal
57%
Mario Kart: Super Circuit (GBA)Star CupYoshi DesertOriginal
57%
Mario Kart 7 (3DS)Mushroom CupCheep Cheep LagoonOriginal
52%
Mario Kart 8 Deluxe (Switch)Special CupCloudtop CruiseOriginal
52%
Mario Kart 8 Deluxe (Switch)Star CupDolphin ShoalsOriginal
52%
Mario Kart 8 Deluxe (Switch)Mushroom CupMario Kart StadiumOriginal
52%
Mario Kart 8 Deluxe (Switch)Egg CupMute CityOriginated from F-Zero
52%
Mario Kart 7 (3DS)Star CupPiranha Plant SlideOriginal
52%
Mario Kart 8 Deluxe (Switch)Lightning CupPiranha Plant SlideOriginated from 3DS
52%
Mario Kart 7 (3DS)Flower CupRock Rock MountainOriginal
52%
Mario Kart 8 Deluxe (Switch)Star CupSunshine AirportOriginal
52%
Mario Kart 8 Deluxe (Switch)Bell CupSuper Bell SubwayOriginal
52%
Mario Kart 8 Deluxe (Switch)Mushroom CupSweet Sweet CanyonOriginal
52%
Mario Kart 8 Deluxe (Switch)Mushroom CupThwomp RuinsOriginal
52%
Mario Kart 8 Deluxe (Switch)Mushroom CupWater ParkOriginal
52%
Mario Kart 8 Deluxe (Switch)Special CupBone Dry DunesOriginal
48%
Mario Kart 8 Deluxe (Switch)Triforce CupIce Ice OutpostOriginal
48%
Mario Kart 8 Deluxe (Switch)Flower CupShy Guy FallsOriginal
48%
Mario Kart 8 Deluxe (Switch)Flower CupTwisted MansionOriginal
48%
Mario Kart 7 (3DS)Star CupWario ShipyardOriginal
48%
Mario Kart 8 Deluxe (Switch)Crossing CupWild WoodsOriginal
48%
Mario Kart 8 Deluxe (Switch)Egg CupDragon DriftwayOriginal
43%

Score Distribution

Percentile by Number Answered

Percent of People with Each Score

Your Score History

You have not taken this quiz